000
00318nam a2200133Ia 4500
005
20251222140045.0
008
251222s1900||||xx |||||||||||||| ||spa||
082
_a
201/R78
100
_a
Rojas, Antonio
245
0
_a
Forjadores del Nuevo Mundo:
250
_a
1ra. ed.
264
_b
Gráficas Santa María
942
_c
LIB
999
_c
3422
_d
3422